000 00883nam a2200277Ia 4500
005 20260324114551.0
008 008 260324s9999 xx 000 0 eng d
020 _a9788743803898
037 _aEBOOK
040 _aCRL
040 _beng
040 _cCRL
041 _2eng
041 _aeng
084 _qCRL
100 _aAlireza Amirkhizi; Frank W DelRio; Nikhil Karanjgaokar; Jacob Notbohm
_91151285
245 0 _aChallenges in Mechanics of Time Dependent Materials, Mechanics of Biological Systems and Materials & Micro-and Nanomechanics, Volume 2
245 0 _bProceedings of the 2021 Annual Conference and Exposition on Experimental and Applied Mechanics
260 _bTaylor and Francis
260 _c2022
365 _a
856 _uhttp://www.taylorfrancis.com/books/9788743803898
942 _cEBOOK
999 _c1741542
_d1741542